|
|
|
|
| LEADER |
01379nam a2200349 a 4500 |
| 001 |
EBC3415198 |
| 003 |
MiAaPQ |
| 005 |
20200520144314.0 |
| 006 |
m o d | |
| 007 |
cr cn||||||||| |
| 008 |
130502s2012 ne abd sb 000 0 eng d |
| 020 |
|
|
|z 9789086861996
|
| 020 |
|
|
|z 9789086867547 (e-book)
|
| 035 |
|
|
|a (MiAaPQ)EBC3415198
|
| 035 |
|
|
|a (Au-PeEL)EBL3415198
|
| 035 |
|
|
|a (CaPaEBR)ebr10688328
|
| 035 |
|
|
|a (OCoLC)923505608
|
| 040 |
|
|
|a MiAaPQ
|c MiAaPQ
|d MiAaPQ
|
| 043 |
|
|
|a a-cc---
|
| 050 |
|
4 |
|a SD221
|b .L53 2012
|
| 100 |
1 |
|
|a Liang, Dan.
|
| 245 |
1 |
0 |
|a Payment schemes for forest ecosystem services in China
|h [electronic resource] :
|b policy, practices and performance /
|c Dan Liang.
|
| 260 |
|
|
|a Wageningen :
|b Wageningen Academic Publishers,
|c 2012.
|
| 300 |
|
|
|a 213 p. :
|b ill. (some col.), maps (some col.).
|
| 490 |
1 |
|
|a Environmental policy series ;
|v v. 5
|
| 504 |
|
|
|a Includes bibliographical references.
|
| 533 |
|
|
|a Electronic reproduction. Ann Arbor, MI : ProQuest, 2015. Available via World Wide Web. Access may be limited to ProQuest affiliated libraries.
|
| 650 |
|
0 |
|a Forests and forestry
|z China.
|
| 655 |
|
4 |
|a Electronic books.
|
| 710 |
2 |
|
|a ProQuest (Firm)
|
| 830 |
|
0 |
|a Environmental policy series (Wageningen, Netherlands) ;
|v v. 5.
|
| 856 |
4 |
0 |
|u https://ebookcentral.proquest.com/lib/matrademy/detail.action?docID=3415198
|z Click to View
|